Loading...
Collected poems 1957-1987 /
| Main Author: | |
|---|---|
| Format: | Printed Book |
| Published: |
London :
Penguin Books ,
1985.
|
| Subjects: |
| LEADER | 00418cam a2200133ua 4500 | ||
|---|---|---|---|
| 999 | |c 26849 |d 26849 | ||
| 082 | 1 | 4 | |a In 821.914 |b MOR-C |
| 100 | 1 | |a Moraes, Dom . | |
| 245 | 1 | 0 | |a Collected poems 1957-1987 / |
| 260 | |a London : |b Penguin Books , |c 1985. | ||
| 300 | |a 167p.; | ||
| 650 | 0 | |a Indian poetry | |
| 942 | |c BK | ||
| 952 | |0 0 |1 0 |4 0 |6 IN_821_914000000000000_MORC |7 0 |9 34186 |a KU |b KU |d 2015-07-05 |l 0 |o In 821.914 MOR-C |p EN12446 |r 2015-07-05 |y BK | ||